ბათუმის შოთა რუსთაველის სახელმწიფო უნივერსიტეტის ბიბლიოთეკა

Gruzja Nieznana : (ბიბ.ჩანაწერი № 60626)

000 -LEADER
fixed length control field 01133nam a22002297a 4500
005 - DATE AND TIME OF LATEST TRANSACTION
control field 20230925162159.0
008 - FIXED-LENGTH DATA ELEMENTS--GENERAL INFORMATION
fixed length control field 230925s2011 pl ||||| |||| 00| 0 pol d
020 ## - INTERNATIONAL STANDARD BOOK NUMBER
International Standard Book Number 9788393409303
041 ## - LANGUAGE CODE
Language code of text/sound track or separate title pol
080 ## - UNIVERSAL DECIMAL CLASSIFICATION NUMBER
Universal Decimal Classification number 94(479.22:438) + 008.1(438:479.22) K-70
100 ## - MAIN ENTRY--PERSONAL NAME
Personal name Kolbaia, Piotr
9 (RLIN) 19902
245 ## - TITLE STATEMENT
Title Gruzja Nieznana :
Remainder of title Wspolne losy Gruzinom i Polakow /
Statement of responsibility, etc. Dawid Kolbaia, Piotr Hlebowicz, Piotr Warisch.
264 ## - PRODUCTION, PUBLICATION, DISTRIBUTION, MANUFACTURE, AND COPYRIGHT NOTICE
Place of production, publication, distribution, manufacture Krakow,
Date of production, publication, distribution, manufacture, or copyright notice 2011.
300 ## - PHYSICAL DESCRIPTION
Extent 128 p.:
Other physical details ill.;
Dimensions 29 cm.
653 ## - INDEX TERM--UNCONTROLLED
keyword ქართულ–პოლონური კულტურული ურთიერთობები
653 ## - INDEX TERM--UNCONTROLLED
keyword პოლონურ-ქართული კულტურული ურთიერთობები
653 ## - INDEX TERM--UNCONTROLLED
keyword საქართველო–პოლონეთის ურთიერთობათა ისტორია
653 ## - INDEX TERM--UNCONTROLLED
keyword პოლონეთ-საქართველოს ურთიერთობათა ისტორია.
700 ## - ADDED ENTRY--PERSONAL NAME
Personal name Warisch, Piotr
Relator term ავტორი
9 (RLIN) 19903
700 ## - ADDED ENTRY--PERSONAL NAME
Personal name Hlebowicz, Piotr
Relator term ავტორი
9 (RLIN) 19904
942 ## - ADDED ENTRY ELEMENTS (KOHA)
Source of classification or shelving scheme
Koha item type წიგნი
ეგზემპლარები
Withdrawn status Lost status Source of classification or shelving scheme Damaged status Not for loan Permanent Location Current Location Shelving location Date acquired Cost, normal purchase price Full call number Barcode Date last seen Copy number Uniform Resource Identifier Price effective from Koha item type Public note
          ბათუმის შოთა რუსთაველის სახელმწიფო უნივერსიტეტის მთავარი ბიბლიოთეკა ბათუმის შოთა რუსთაველის სახელმწიფო უნივერსიტეტის მთავარი ბიბლიოთეკა წიგნსაცავი 2023-09-25 20.00 94(479.22:438) + 008.1(438:479.22) K-70 65222 2023-09-25 65222 ბსუ-ს საპატიო დოქტორის გურამ ლორთქიფანიძის საჩუქარი 2023-09-25 წიგნი 20 ლ.